000 00711nam a22001937a 4500
999 _c13998
_d13998
003 AR-CdUCM
008 190417b ||||| |||| 00| 0 spa d
040 _aMUNICIPALIDAD PROVINCIAL DEL CUSCO
_cBIBLIOTECA MUNICIPAL DEL CUSCO
082 _aEP / 803 /
_bT72
100 _aToro Montalvo, César
_912608
245 _aMitos y leyendas de la Selva /
260 _aLima :
_bFondo editorial cultura peruana,
_c2007.
300 _a157 páginas ;
_c15 cm.
440 _aCuadernos didácticos.
_932644
505 _aContenido :El nacimiento de Dios -- La leyenda de la chicha -- La casa de los diablos -- El inca Dios -- Los juicios ...
650 _aCuentos
_9217
942 _2ddc
_cLIBROS
945 _arum
_d2019-04-17